Oscar for Best Actress in a Leading Role - Statistics

General Stats
  • This quiz has been taken 151 times
  • The average score is 63 of 92
Answer Stats
Hint Answer % Correct
2011 The Iron Lady Meryl Streep
99%
1982 Sophie's Choice Meryl Streep
99%
2010 Black Swan Natalie Portman
97%
2000 Erin Brockovich Julia Roberts
96%
2016 La La Land Emma Stone
94%
2012 Silver Linings Playbook Jennifer Lawrence
94%
1991 The Silence of the Lambs Jodie Foster
93%
1988 The Accused Jodie Foster
93%
2009 The Blind Side Sandra Bullock
93%
1953 Roman Holiday Audrey Hepburn
91%
1981 On Golden Pond Katharine Hepburn
91%
1968 The Lion in Winter Katharine Hepburn
91%
1967 Guess Who's Coming to Dinner Katharine Hepburn
91%
1932 / 1933 Morning Glory Katharine Hepburn
91%
2004 Million Dollar Baby Hilary Swank
90%
1999 Boys Don't Cry Hilary Swank
90%
2003 Monster Charlize Theron
89%
1998 Shakespeare in Love Gwyneth Paltrow
89%
2001 Monster's Ball Halle Berry
89%
2006 The Queen Helen Mirren
88%
2008 The Reader Kate Winslet
88%
2005 Walk the Line Reese Witherspoon
88%
Street Angel a
86%
Sunrise: A Song of Two Humans a
86%
1997 As Good as it Gets Helen Hunt
86%
1964 Mary Poppins Julie Andrews
86%
1990 Misery Kathy Bates
85%
1987 Moonstruck Cher
83%
2013 Blue Jasmine Cate Blanchett
82%
1977 Annie Hall Diane Keaton
82%
Funny Girl Barbra Streisand
81%
1995 Dead Man Walking Susan Sarandon
81%
2014 Still Alice Julianne Moore
80%
1966 Who's Afraid of Virginia Woolf? Elizabeth Taylor
79%
1960 BUtterfield 8 Elizabeth Taylor
79%
2002 The Hours Nicole Kidman
79%
1951 A Streetcar Named Desire Vivien Leigh
79%
1939 Gone with the Wind Vivien Leigh
79%
1996 Fargo Frances McDormand
78%
1978 Coming Home Jane Fonda
77%
1971 Klute Jane Fonda
77%
1993 The Piano Holly Hunter
76%
1989 Driving Miss Daisy Jessica Tandy
76%
2007 La Vie en Rose Marion Cotillard
76%
1984 Places in the Heart Sally Field
76%
1979 Norma Rae Sally Field
76%
1938 Jezebel Bette Davis
75%
1935 Dangerous Bette Davis
75%
1992 Howards End Emma Thompson
75%
2015 Room Brie Larson
73%
1980 Coal Miner's Daughter Sissy Spacek
73%
1972 Cabaret Liza Minnelli
69%
1969 The Prime of Miss Jean Brodie Maggie Smith
69%
1956 Anastasia Ingrid Bergman
68%
1944 Gaslight Ingrid Bergman
68%
1983 Terms of Endearment Shirley MacLaine
68%
1976 Network Faye Dunaway
64%
1994 Blue Sky Jessica Lange
64%
1973 A Touch of Class Glenda Jackson
62%
1970 Women in Love Glenda Jackson
62%
1945 Mildred Pierce Joan Crawford
60%
1954 The Country Girl Grace Kelly
59%
1975 One Flew Over the Cuckoo's Nest Louise Fletcher
59%
1986 Children of a Lesser God Marlee Matlin
58%
1949 The Heiress Olivia de Havilland
56%
1946 To Each His Own Olivia de Havilland
56%
1974 Alice Doesn't Live Here Anymore Ellen Burstyn
54%
1934 It Happened One Night Claudette Colbert
53%
1961 Two Women Sophia Loren
53%
1962 The Miracle Worker Anne Bancroft
51%
1941 Suspicion Joan Fontaine
50%
1965 Darling Julie Christie
48%
1985 The Trip to Bountiful Geraldine Page
47%
1942 Mrs. Miniver Greer Garson
46%
1943 The Song of Bernadette Jennifer Jones
45%
1940 Kitty Foyle Ginger Rogers
44%
1957 The Three Faces of Eve Joanne Woodward
44%
1958 I Want to Live! Susan Hayward
41%
1928 / 1929 Coquette Mary Pickford
39%
1963 Hud Patricia Neal
39%
1937 The Good Earth Luise Rainer
38%
1936 The Great Ziegfeld Luise Rainer
38%
1929 / 1930 The Divorcee Norma Shearer
36%
1948 Johnny Belinda Jane Wyman
35%
1950 Born Yesterday Judy Holliday
34%
1959 Room at the Top Simone Signoret
33%
1931 / 1932 The Sin of Madelon Claudet Helen Hayes
32%
1927 / 1928 7th Heaven Janet Gaynor
31%
1947 The Farmer's Daughter Loretta Young
31%
1952 Come Back, Little Sheba Shirley Booth
30%
1955 The Rose Tattoo Anna Magnani
29%
1930 / 1931 Min and Bill Marie Dressler
28%
No matching quizzes found
Score Distribution
Percent of People with Each Score
Percentile by Number Answered
Your Score History
You have not taken this quiz